| 000 | 00794nam a2200229Ii 4500 | ||
|---|---|---|---|
| 003 | JO-AjNU | ||
| 008 | 230605s9999||||xx |||||||||||||| ||und|| | ||
| 017 | _a1999/9/1610 | ||
| 020 | _a9957-8515-0-8 | ||
| 040 |
_aJO-AjNU _bara _erda _cJO-AjNU |
||
| 041 | _aara | ||
| 050 | 1 | 4 | _aBP171.A289 2000 |
| 100 | 3 |
_aأبو الوفا، محمد, _eauthor _947040 |
|
| 245 | 0 | 0 | _aحوار مع أهل الكتاب، ج1 |
| 250 | _aط1 | ||
| 264 | 3 | 1 | _aعمان: دار النفائس للنشر والتوزيع، 2000 |
| 300 | _aج1، 135ص | ||
| 336 |
_atext _btxt _2rdacontent |
||
| 337 |
_aunmediated _bn _2rdamedia |
||
| 338 |
_avolume _bnc _2rdacarrier |
||
| 650 | 4 |
_aالاسلام والديانات الاخرى- الاسلام والمسيحية- الاسلام واليهودية _947041 |
|
| 999 |
_aA20507 _c24075 _d24075 |
||